(The) Forsyte saga / (Record no. 5015)

000 -LEADER
fixed length control field 00402nam a22001457a 4500
008 - FIXED-LENGTH DATA ELEMENTS--GENERAL INFORMATION
fixed length control field 201001b ||||| |||| 00| 0 eng d
082 00 - DEWEY DECIMAL CLASSIFICATION NUMBER
Edition number 23rd ed.
Classification number 823.912
Item number G178
100 ## - MAIN ENTRY--PERSONAL NAME
9 (RLIN) 4002
Personal name Galsworthy, John
245 10 - TITLE STATEMENT
Title (The) Forsyte saga /
250 ## - EDITION STATEMENT
Edition statement 46th rep ed.
260 ## - PUBLICATION, DISTRIBUTION, ETC. (IMPRINT)
Place of publication, distribution, etc Melbourne:
Name of publisher, distributor, etc William Heinemann,
Date of publication, distribution, etc 1951.
300 ## - PHYSICAL DESCRIPTION
Extent 1042 p.
650 #0 - SUBJECT ADDED ENTRY--TOPICAL TERM
Topical term or geographic name as entry element English fiction
942 ## - ADDED ENTRY ELEMENTS (KOHA)
Item type Books
Holdings
Withdrawn status Lost status Source of classification or shelving scheme Damaged status Not for loan Permanent location Current location Date acquired Full call number Barcode Date last seen Koha item type
          IMU Kolkata IMU Kolkata 2020-10-01 823.912 G178 F00045 2020-10-01 Books
Designed and Maintained by IMU-KC Library, Kolkata Campus © Copyright All Rights Reserved

webs counters

Powered by Koha